Statistics for Top 15 Countries with Covid-19 Cases - 11 Mar 2021

Click here to take the quiz!

General Stats

  • This quiz has been taken 18 times
  • The average score is 16 of 27

Answer Stats

country% Correct
United Kingdom
100%
United States
100%
Brazil
89%
France
89%
Germany
89%
Russia
89%
India
83%
Italy
78%
Mexico
78%
Spain
78%
Iran
67%
Belgium
61%
Netherlands
61%
Portugal
61%
Argentina
56%
Colombia
56%
Turkey
56%
Czechia
50%
Poland
50%
Israel
44%
Sweden
44%
Switzerland
44%
Slovenia
39%
Bahrain
22%
Georgia
22%
Lithuania
22%
Panama
17%

Score Distribution

Percentile by Number Answered

Percent of People with Each Score

Your Score History

You have not taken this quiz